<?xml version="1.0" encoding="UTF-8"?>
<collection xmlns="http://www.loc.gov/MARC21/slim">
<record>
  <controlfield tag="001">148415</controlfield>
  <controlfield tag="005">20250116181745.0</controlfield>
  <datafield tag="037" ind1=" " ind2=" ">
    <subfield code="a">NORMAS-2025-002</subfield>
  </datafield>
  <datafield tag="245" ind1=" " ind2=" ">
    <subfield code="a">Resolución de 10 de diciembre de 2024, del Rector de la Universidad de Zaragoza, por la que se establece, a efectos de cómputo de plazos, el calendario de días inhábiles en el ámbito de la Universidad de Zaragoza para el año 2025</subfield>
  </datafield>
  <datafield tag="260" ind1=" " ind2=" ">
    <subfield code="a">Zaragoza</subfield>
    <subfield code="b">Consejo de Gobierno de la Universidad de Zaragoza</subfield>
    <subfield code="c">2024-12-10</subfield>
  </datafield>
  <datafield tag="653" ind1="1" ind2=" ">
    <subfield code="a">Servicios y otras estructuras</subfield>
  </datafield>
  <datafield tag="650" ind1=" " ind2=" ">
    <subfield code="a">Calendario</subfield>
  </datafield>
  <datafield tag="856" ind1="0" ind2=" ">
    <subfield code="f">sgaspar@unizar.es</subfield>
  </datafield>
  <datafield tag="856" ind1="4" ind2=" ">
    <subfield code="s">144700</subfield>
    <subfield code="u">http://zaguan.unizar.es/record/148415/files/Resolucion%2010%20diciembre%202024.pdf</subfield>
    <subfield code="y">Calendario días inhábiles 2025</subfield>
  </datafield>
  <datafield tag="856" ind1="4" ind2=" ">
    <subfield code="s">134123</subfield>
    <subfield code="u">http://zaguan.unizar.es/record/148415/files/Correcci%C3%B3n%20errores%20de%20la%20resoluci%C3%B3n%2010%20diciembre%202024.pdf</subfield>
    <subfield code="y">Corrección errores calendario días inhábiles 2025</subfield>
  </datafield>
  <datafield tag="910" ind1=" " ind2=" ">
    <subfield code="a">19/12/2024</subfield>
  </datafield>
  <datafield tag="980" ind1=" " ind2=" ">
    <subfield code="a">NORMAS</subfield>
  </datafield>
</record>
</collection>